[Event "Reykjavik op"]
[Site "Reykjavik"]
[Date "1996.??.??"]
[Round "3"]
[White "Raetsky, Alexander"]
[Black "Bjarnason, Saevar"]
[Result "0-1"]
[WhiteElo "2485"]
[BlackElo "2305"]
[Annotator "King,D"]
[PlyCount "64"]
[EventDate "1996.03.??"]
[EventType "swiss"]
[EventRounds "9"]
[EventCountry "ISL"]
[SourceTitle "CBM 052"]
[Source "ChessBase"]
[SourceDate "1996.06.01"]
[SourceVersion "1"]
[SourceVersionDate "1996.06.01"]
[SourceQuality "1"]

1. d4 Nf6 2. c4 e6 3. g3 Bb4+ 4. Nd2 c5 5. dxc5 Bxc5 6. Bg2 d5 7. Ngf3 Nc6 8.
O-O O-O 9. a3 a5 10. Qc2 Bb6 11. b3 Qe7 12. Bb2 d4 13. Rae1 e5 14. e3 dxe3 15.
fxe3 Ng4 16. Qc3 f5 17. Kh1 Qc5 18. Nxe5 Ncxe5 19. Bd5+ Kh8 20. h3 Qe7 21. hxg4
Nxg4 22. Nf3 Bc7 $1 {The bishops are well placed on c7 and c8, and so it is
natural for the rook to enter the game via a6 and then to swing to the
kingside.} 23. Kg2 Ra6 24. Rh1 Rg6 {The rook is perfectly placed, defending
and attacking at the same time.} 25. e4 f4 26. e5 Nh6 27. Rxh6 Rxh6 28. e6 Rg6
29. Rh1 Rxg3+ 30. Kf1 Bxe6 31. Bxe6 Qxe6 32. Rh5 Qg4 0-1

[Event "Olympiad-41"]
[Site "Tromsoe"]
[Date "2014.08.06"]
[Round "5.1"]
[White "Kramnik, Vladimir"]
[Black "Topalov, Veselin"]
[Result "1-0"]
[WhiteElo "2760"]
[BlackElo "2772"]
[Annotator "Kramnik,V"]
[PlyCount "97"]
[EventDate "2014.08.02"]
[EventType "team-swiss"]
[EventRounds "11"]
[EventCountry "NOR"]
[SourceTitle "CBM 162"]
[Source "ChessBase"]
[SourceDate "2014.09.17"]
[SourceVersion "1"]
[SourceVersionDate "2014.09.17"]
[SourceQuality "1"]
[WhiteTeam "Russia"]
[BlackTeam "Bulgaria"]
[WhiteTeamCountry "RUS"]
[BlackTeamCountry "BUL"]

1. d4 Nf6 2. c4 e6 3. Nf3 d5 4. Nc3 Be7 5. g3 O-O 6. Bg2 Nbd7 7. Qd3 Nb6 ({
Another option is} 7... c6 8. O-O b6 9. b3 a5 (9... Ba6 {is more principled})
10. e4 Ba6 11. e5 Ne8 12. h4 h6 13. Rd1 b5 14. cxb5 cxb5 15. Ne2 {and White
got a clear plus in the recent game Kramnik-Baramidze, Dortmund 2014.}) 8. c5 (
8. b3 {is less ambitious:} dxc4 9. bxc4 c5 {and Black is fine.}) 8... Nbd7 9.
O-O c6 (9... b6 {is risky but a very direct move:} 10. c6 (10. b4 {doesn't
work here} a5 11. c6 axb4 $1 12. cxd7 Ba6 13. Nb5 c6) 10... Nb8 11. Ne5 {
with sharp play but probably in White's favour.}) 10. b4 b6 (10... e5 {is a
logical attempt to free the position, but White is better due to a nasty trick:
} 11. dxe5 Ng4 12. Bf4 g5 13. Nxg5 $1 Bxg5 14. Qf5 Bxf4 15. Qxg4+ Bg5 16. h4
$16) 11. Bf4 a5 12. a3 (12. b5 Bb7 13. cxb6 Qxb6 $11) 12... Ba6 13. Qc2 {
So we get a typical Queen's Gambit position with the difference that the white
bishop is developed on g2. Due to this Black can't exchange the light-squared
bishops and is suffering more than usual.} Nh5 14. Bd2 Nhf6 15. Bf4 {Not a
plan to draw early of course, just trying to avoid future time trouble and to
tease my loveable opponent a little.} Nh5 16. Bd2 Nhf6 17. Rfe1 $1 {Don't even
dream about it!} Bc4 {Trying to get ready to manoeuvre this bishop to d5 after
the (premature at the moment) move e4.} 18. Bf4 {Now Nd2 is on the agenda,
followed by e4.} (18. e4 {leads to a draw after} dxe4 19. Nxe4 Nxe4 20. Qxc4
Nxd2 21. Nxd2 axb4 22. axb4 Rxa1 23. Rxa1 bxc5 24. bxc5 Nxc5 $11) 18... Nh5 19.
Be3 Nhf6 20. Bf4 Nh5 21. Be3 {I checked my scoresheet carefully to make sure
there was no threefold repetition.} Nhf6 22. h3 $1 {I have told you already!}
h6 (22... Re8 {was another way to slightly improve the position. In general
Black can't do much here, just to try to get ready to meet the actions of the
opponent accordingly.}) 23. Nd2 Ba6 24. f4 {That was the idea behind 22.h3
which covered the g4-square to stop ...Ng4. Now the plan is Bf2 and e4 and
good or bad Black has to do something about it.} bxc5 25. bxc5 Nxc5 {This
tactical operation changes the (unfavourable) character of the position but
doesn't bring full relief.} 26. dxc5 d4 27. Bf2 dxc3 28. Qxc3 (28. Nf3 {
is what the computer prefers, but too delicate for me, especially since I saw
that the forthcoming complications are in favour of White.}) 28... Nd5 (28...
Qc7 $142 {strangely enough Houdini gives just a tiny plus for White here,
although visually he should be better in my opinion.} 29. Rab1 $14) 29. Qc2 Bf6
30. e4 $1 {An important and powerful resource which probably made my opponent
regret his decision of two moves ago.} Bxa1 31. exd5 $16 Qf6 (31... Bf6 32. d6
$1 (32. dxe6 {is not bad either but I somehow prefer my protected passed pawn
on the sixth rank.}) 32... Qd7 33. Nf3 Rab8 34. Bd4 {that was my plan during
the game. Black has difficulties defending the key c6-pawn plus his bishop is
out of play in addition to all other problems of his position.}) 32. d6 $1 {
Most ambitious.} (32. dxe6 {is the computer's first choice, but again I had 
(justified) plans to queen my d-pawn...} Bd4 33. exf7+ Rxf7 34. Ne4 Qd8 35. Nd6
$16) 32... Qc3 (32... Bd4 {is sad, although possibly objectively best} 33. Nb3
({or} 33. Nf3 Bxf2+ 34. Kxf2 Rab8 35. Ne5 g5 36. Kg1) 33... Bxf2+ 34. Qxf2 Qc3
35. Qe3 Qc2 36. Rc1 Qa2 37. Nd4 $16) 33. Qd1 Bb2 34. Bxc6 {Tasty one.} Rad8 (
34... Rab8 {I expected this logical move (after all the rooks belong on the
open files, but the computer is not impressed with it either, giving the
following logical variation:} 35. Nb1 Qf6 36. Bg2 e5 37. Nd2 exf4 38. Ne4 Qg6
39. c6 {one of many other good options} Be5 40. Bc5 fxg3 41. d7 {and time to
call it a day.}) 35. Nb1 $1 {Not the best square for a knight in general, but
with such passed pawns White just needs to stop possible counterplay (tricks)
of the opponent. And mine is very tricky and resourceful - I experienced that
already long ago, in Elista 2006...} Qf6 36. Qd2 $18 Rb8 37. Be4 (37. d7 {
is simpler, but everything does it already, just not to blunder} e5 38. Bd5)
37... e5 38. Nc3 $1 Qe6 (38... Bxc3 39. Qxc3 exf4 40. Qxf6 gxf6 41. c6 {
and Black will be lucky if he manages to give a full rook for those pawns...})
39. Nd5 {Now, when the knight is on d5 instead of b1, it is hard to spoil it.}
Qxh3 40. Bg2 Qh5 41. d7 ({or} 41. c6) 41... exf4 42. Qxf4 Bxa3 (42... Bb5 43.
c6 Rbd8 44. Ne7+ Kh7 45. c7 Bxd7 46. cxd8=Q Rxd8 47. Qc7 {winning another
piece even if just one would be enough}) 43. Qxb8 {For the first time in the
game I had to calculate some 5 plus moves ahead. Just a dream scenario for a
pensioner like me...} Rxb8 44. Re8+ Kh7 45. Rxb8 Qd1+ 46. Kh2 Qh5+ 47. Bh3 {
No mercy.} Qf3 (47... Bf1 48. Nf4 Qf3 49. d8=Q {is what was planned} (49. Bf5+
g6 50. Bd4 {is even more humiliating}) 49... Qxf2+ 50. Bg2 {and mate follows.})
48. d8=Q Qxf2+ 49. Bg2 {A well played game by me, even if not very difficult.
Still, a rare case with me lately, so I am glad to present it to the public.}
1-0

[Event "EU-ch 12th"]
[Site "Aix les Bains"]
[Date "2011.03.27"]
[Round "6"]
[White "Jobava, Baadur"]
[Black "Azarov, Sergei Nikolaevich"]
[Result "1/2-1/2"]
[WhiteElo "2707"]
[BlackElo "2615"]
[Annotator "Marchand,A/Primel,D"]
[PlyCount "105"]
[EventDate "2011.03.22"]
[EventType "swiss"]
[EventRounds "11"]
[EventCountry "FRA"]
[SourceTitle "CBM 142 Extra"]
[Source "ChessBase"]
[SourceDate "2011.06.27"]
[SourceVersion "1"]
[SourceVersionDate "2011.06.27"]
[SourceQuality "1"]
[TimeControl "40/5400+30:1800+30"]

1. Nf3 Nf6 2. c4 e6 3. g3 d5 4. Bg2 Be7 5. O-O O-O (5... c5) 6. Qc2 (6. d4) (6.
b3 c5 7. Bb2 Nc6 8. e3 (8. cxd5 Nxd5 9. Nc3 Bf6 {[%cal Gf6b2]}) 8... d4) 6...
c5 {[%cal Gd5d4]} 7. d4 {Retombe sur une Catalane mais où les Noirs ont déjà
joué le coup libérateur c5 et ils égalisent assez vite.} cxd4 (7... Nbd7 $143
8. cxd5 $1 Nxd5 9. Nc3 $14) 8. Nxd4 Nc6 $1 $132 {Profitant du fait que les
Blancs ont joué trés tôt Qc2} (8... Qb6 $5 9. Rd1 Nc6 $11 {Mikenas,V-Bykhovsky,
A URS-ch33 Tallinn 1965 (19) 1-0}) 9. Nxc6 (9. Rd1 Qb6) 9... bxc6 10. b3 (10.
Rd1 {[%cal Gd1d8]} Ba6 $1 11. b3 Qb6 12. Be3 Bc5 13. Bxc5 Qxc5 $11 14. Nd2) (
10. Nc3 Ba6) 10... a5 11. Nc3 Ba6 12. Rd1 Qb6 ({RR} 12... Nd7 13. Na4 Nb6 14.
Nxb6 Qxb6 15. Be3 Bc5 16. Bxc5 Qxc5 17. Rac1 Qa3 18. Rd4 dxc4 19. bxc4 Rab8 20.
Rd3 Qc5 21. a3 h6 22. Qd2 Rb6 23. h4 Qe5 24. Re3 Qc5 25. Qc3 a4 26. Re5 Qe7 27.
Ra5 {Romanov,E (2624)-Riazantsev,A (2679)/Olginka 2011/Mega2011 Update 18/1-0 
(68)}) ({Pertinent:} 12... Nd7 13. Na4 Nb6 14. Nxb6 Qxb6 15. Be3 Bc5 16. Bxc5
Qxc5 17. Rac1 Qa3 18. Rd4 dxc4 19. bxc4 Rab8 20. Rd3 Qc5 21. a3 h6 22. Qd2 Rb6
23. h4 Qe5 24. Re3 Qc5 25. Qc3 a4 26. Re5 Qe7 27. Ra5 c5 28. Rxa4 Qc7 29. Ra5
Rc8 30. Rd1 Rcb8 31. Ra4 Rb3 32. Qd2 Qb6 33. Bf3 Rb2 34. Qd7 Rb1 35. Rxb1 Qxb1+
36. Kg2 Qb6 37. Qc6 Qxc6 38. Bxc6 Rb6 39. Be4 Kf8 40. Bd3 Ke7 41. Ra5 Kd6 42.
f3 {Romanov,E (2624)-Riazantsev,A (2679) Olginka 2011 1-0 (68)}) 13. Na4 Qb7
14. Bd2 $146 (14. Bb2 {Vaganian,R (2590)-Georgiev,K (2605) EU-chT (Men) 10th
1992 (7.1) 1/2}) ({Prédécesseur (3):} 14. Rb1 Rfd8 15. Bd2 Bb4 16. Bg5 Be7 17.
e4 dxe4 18. Bxf6 Bxf6 19. Qxe4 Rac8 20. Rxd8+ Rxd8 21. Qxc6 Qxc6 22. Bxc6 Be7
23. Kf1 Rd2 24. Rb2 Rd8 25. Ke2 Bb4 26. Rc2 Rd6 27. Bb5 Bb7 28. c5 Rd5 29. c6
Re5+ 30. Kf1 Rxb5 31. cxb7 Rxb7 32. Rc8+ Bf8 33. Nc5 Re7 34. Rd8 f6 35. Nd7 Rf7
36. Ke2 g6 37. a4 Kg7 38. Nxf8 Rxf8 39. Rxf8 Kxf8 40. b4 Ke7 41. bxa5 Kd6 42.
Kd3 Kc5 43. f4 h6 {Vaganian,R (2645)-Dokhoian,Y (2580) Tilburg 1994 1-0}) 14...
Rfe8 15. Rab1 (15. Bc3) 15... Bb4 16. Bc1 Qe7 $11 17. h3 h6 18. Bb2 Nd7 19. Ba1
Rab8 20. Rbc1 (20. e4) 20... Red8 21. e3 Ba3 22. Rb1 Nc5 23. Qc3 f6 24. Nxc5
Qxc5 25. Qc2 Qe7 26. h4 Rd7 27. Bh3 f5 28. Bf1 Rbd8 29. Be5 Bb4 30. c5 Bxf1 31.
Bd6 Qf6 32. Kxf1 Rb7 33. Rd4 Rb5 (33... e5 $132 {[%csl Gd5,Ge5]}) 34. h5 e5 35.
Rh4 e4 36. Kg2 Bc3 37. Bc7 Ra8 38. Bb6 {[%csl Rb5]} Be5 39. Rhh1 Kh7 40. a3 Qg5
{[%cal Gf5f4,Gg5g2]} 41. Qe2 Qe7 (41... f4 $5 42. exf4 Bxf4 43. Rh4 Be5 44.
Rxe4 $6 dxe4 45. Qxe4+ Kh8 46. Qxc6 {[%csl Ra8,Rb5]} Rf8 47. Qxb5 Bxg3 $1) 42.
Rhd1 Qf7 43. Kg1 Bf6 44. b4 axb4 45. Rxb4 Rxb4 46. axb4 d4 47. exd4 Ra2 48. Rd2
Ra1+ 49. Rd1 Ra2 50. Rd2 {La feuille de partie s'arrête içi et le plateau DGT
a enregistré а tort une répétition de coups jusqu'au 53ème coup} Ra1+ 51. Kh2
Qd5 52. Rd1 Qf7 53. Kg1 1/2-1/2

[Event "Morelia/Linares 24th"]
[Site "Morelia/Linares"]
[Date "2007.02.21"]
[Round "4"]
[White "Leko, Peter"]
[Black "Aronian, Levon"]
[Result "1/2-1/2"]
[WhiteElo "2749"]
[BlackElo "2744"]
[Annotator "Marin,M"]
[PlyCount "91"]
[EventDate "2007.02.17"]
[EventType "tourn"]
[EventRounds "14"]
[EventCountry "ESP"]
[EventCategory "20"]
[SourceTitle "CBM 117"]
[Source "ChessBase"]
[SourceDate "2007.03.30"]
[SourceVersion "1"]
[SourceVersionDate "2007.03.30"]
[SourceQuality "1"]

1. d4 Nf6 2. c4 e6 3. Nf3 d5 4. g3 Bb4+ 5. Bd2 Be7 6. Bg2 O-O 7. O-O c6 8. Bf4
b6 9. Nc3 Bb7 10. Rc1 $5 {A relatively rare setup. White aims for rapid piece
development, in the hope of occupying the c-file.} Nh5 11. Bxb8 Qxb8 12. Ne5
Nf6 13. e3 Rd8 14. cxd5 cxd5 15. f4 Qd6 ({A novelty. Black activates his queen,
in order to put the enemy queenside under pressure. After} 15... g6 16. g4 Nd7
17. Qe1 {a draw was agreed in Khalifman-Adams, Cesme 2004, but White seems to
have a promissing attacking position.}) 16. Nb5 Qb4 17. Rc7 Ba6 18. a4 Bxb5 19.
axb5 Bd6 20. Rxf7 $5 {An interesting and almost forced attacking continuation,
which, however, fails to endanger Black's king.} Bxe5 21. fxe5 Kxf7 22. Qh5+
Kg8 23. exf6 gxf6 24. Qg4+ Kh8 ({Reaching absolute safety.} 24... Kf7 $6 25.
Qh4 {would leave White with the initiative.}) 25. Qxe6 Rf8 26. Qxd5 Rae8 {
White's initiative has been extinguished and he faces some problems now. With
a better structure (a pawn on f2 instead of h2, for instance) he would most
likely be better, but the e3-pawn is weak now and the king slightly exposed.}
27. Rf3 Qe1+ 28. Bf1 Rxe3 29. Qd6 Ree8 30. Rxf6 Kg7 31. Rxf8 Rxf8 {Apparently,
White is in big trouble.} 32. Qe5+ {The saving move. After the exchange of
queens, White will build a reliable fortress, something that is not easy to
foresee.} Qxe5 33. dxe5 Re8 34. Bc4 Rxe5 35. Kf2 Kf6 36. b3 Re4 37. Bd3 Re7 38.
Kf3 h6 39. Kg4 Re5 40. Bc4 Rc5 41. Kf4 Rf5+ 42. Ke4 Rf2 43. h4 Rd2 44. Ke3 Rd8
45. Ke4 Rd1 46. Bd5 {If Black transfers his king to the queenside, White will
simply crate a passed pawn on the other wing.} 1/2-1/2

[Event "Corus"]
[Site "Wijk aan Zee"]
[Date "2007.01.28"]
[Round "13"]
[White "Aronian, Levon"]
[Black "Tiviakov, Sergei"]
[Result "1-0"]
[WhiteElo "2744"]
[BlackElo "2667"]
[Annotator "Marin,M"]
[PlyCount "85"]
[EventDate "2007.01.13"]
[EventType "tourn"]
[EventRounds "13"]
[EventCountry "NED"]
[EventCategory "19"]
[SourceTitle "CBM 117"]
[Source "ChessBase"]
[SourceDate "2007.03.30"]
[SourceVersion "1"]
[SourceVersionDate "2007.03.30"]
[SourceQuality "1"]

1. d4 Nf6 2. c4 e6 3. Nf3 b6 4. g3 Bb7 5. Bg2 Be7 6. O-O c6 7. Nc3 d5 {
Tiviakov frequently employs this transposition from the Queen's Indian to the
Catalan.} 8. Nd2 O-O 9. e4 dxc4 10. Nxc4 Ba6 {Black's entire approach looks a
bit over-ambitious. He moves again with this bishop for the mere sake of
winning a pawn, while the rest of the queenside is undeveloped.} 11. b3 b5 12.
Ne3 b4 13. Ne2 Bxe2 14. Qxe2 Qxd4 15. Bb2 Qb6 16. Nc4 {A logical move,
installing the knight on a stable square and preparing the advance of the
e-pawn.} ({Here is an entirely different approach, based on refraining to give
up the pair of bishops and the control of the d5-square:} 16. g4 $5 Rd8 17. g5
Ne8 18. h4 Nd7 19. Rfd1 Nf8 20. Nc4 Qa6 21. Bf1 Rxd1 22. Qxd1 Rd8 23. Qf3 Qb7
24. Rc1 c5 25. Ne5 Nd6 26. Bg2 Ng6 27. Nxg6 hxg6 28. h5 gxh5 29. Qxh5 Nb5 30.
g6 $16 {Kortschnoj,V (2635)-Godena,M (2420)/Switzerland 1995/CBM 049 ext (1-0,
48)}) 16... Qb5 17. Bxf6 Bxf6 (17... gxf6 18. Rad1 a5 19. Rfe1 a4 20. e5 Ra7
21. Qf3 (21. Rd4 $5 f5 22. g4 $1) 21... f5 22. g4 fxg4 23. Qxg4+ Kh8 24. Kh1
$44 {Smyslov,V-Guimard,C/Groningen 1946/MCL/[ChessBase] (1/2-1/2, 39)}) 18. e5
Be7 {For some reasons, in the game Brodsky-Tiviakov, Monarch Assurance 2005 a
draw was agreed in this position. Generally speaking, Black should not be
offered such an easy exit before completing his development in some way.} 19.
Rad1 a5 20. Be4 {White's kingside attack is not easy to carry out.} ({
Therefore, it seems more logical to just preserve the advance in development
for as long as possible.} 20. Rd2 $5 Ra7 (20... Rd8 21. Rxd8+ Bxd8 22. Rd1 Be7
23. Qe3 Na6 24. Rd7 Bc5 25. Qf4 Rf8 26. h4 Nb8 27. Rc7 $16 Bb6 $2 28. Nd6 $18)
21. Rfd1 c5 22. Qe4 $14 {and only after restricting the b8-knight White can
safely consider advancing his h-pawn as in the game, building up a slow but
powerful attack. Besides, Black has to permanently take into account a knight
jump to d6.}) 20... Ra7 21. h4 Nd7 22. h5 Nxe5 $5 (22... a4 $5) 23. Qe3 Ng4 (
23... Bc5 24. Bxh7+ Kxh7 25. Qe4+ Kg8 26. Nxe5 $44) 24. Qxa7 Qxh5 25. Kg2 Bc5
26. Qxa5 Qh2+ 27. Kf3 Bxf2 $2 (27... Nxf2 $5 28. Qxc5 Nxd1 29. Bxh7+ Kxh7 $1 (
29... Qxh7 30. Rxd1 $16) 30. Rxd1 (30. Qxf8 $2 Qh5+ 31. Kg2 Qe2+ 32. Kg1 Ne3
33. Nxe3 Qxe3+ $11) 30... Ra8 31. Qxc6 Qh5+ 32. Kf2 Rxa2+ 33. Rd2 $14) 28. Rd8
Qxg3+ 29. Ke2 Bc5 30. Rxf8+ Bxf8 31. Qa7 $14 {/+/- Four unadvanced pawns are
not a worthy match for the rook, especially that check are not easy to deliver
to the white king.} Qh2+ 32. Kd1 f6 33. Qd7 Nf2+ 34. Ke1 Nxe4 35. Qxe6+ Kh8 36.
Qxe4 Qxa2 37. Qe8 Kg8 38. Rf3 Qb1+ 39. Kf2 c5 40. Qe6+ Kh8 41. Ne5 h6 42. Nd7
Qc2+ 43. Qe2 1-0

[Event "GER-ARM"]
[Site "Baden-Baden"]
[Date "1996.??.??"]
[Round "2"]
[White "Petrosian, Arshak B"]
[Black "Schlosser, Philipp"]
[Result "0-1"]
[WhiteElo "2480"]
[BlackElo "2560"]
[Annotator "Mowsziszian,K"]
[PlyCount "78"]
[EventDate "1996.07.31"]
[EventType "match"]
[EventRounds "4"]
[EventCountry "GER"]
[SourceTitle "CBM 055"]
[Source "ChessBase"]
[SourceDate "1996.12.01"]
[SourceVersion "1"]
[SourceVersionDate "1996.12.01"]
[SourceQuality "1"]
[WhiteTeam "Armenia"]
[BlackTeam "Germany"]
[WhiteTeamCountry "ARM"]
[BlackTeamCountry "GER"]

1. Nf3 c5 2. c4 Nf6 3. g3 d5 4. cxd5 Nxd5 5. Bg2 Nc6 6. d4 e6 7. O-O Be7 8.
dxc5 Bxc5 9. a3 O-O 10. Qc2 Bb6 (10... Qe7 11. b4 Bb6 12. Bb2 Bd7 13. Nbd2 Rac8
14. Qb3 Bc7 15. Rac1 b5 16. Ne4 a5 17. Nc5 axb4 18. axb4 Bd6 19. Rfd1 Bxc5 20.
bxc5 Na5 21. Qc2 Nc4 22. Ne5 Nxe5 23. Bxe5 Rfe8 24. Be4 h6 25. Qb2 f5 26. Bd3
Bc6 27. e4 fxe4 28. Bxe4 {1-0 Lerner,K-Lputian,S/Moscow-A ;TD 87\01 1987 (39)})
(10... Be7 11. Rd1 (11. e4 Nb6 12. Bf4 Bd7 13. Nc3 g5 14. Be3 Nc4 15. Qe2 Nxe3
16. Qxe3 g4 17. Nd4 Bg5 18. Nxc6 Bxc6 19. Qe2 h5 20. Rad1 Qb6 21. h3 Kg7 22.
hxg4 {1-0 Brueckner,T-Hartmann,G/BL 8788 (1988) ;BL 80 1988 (32)}) 11... Bd7
12. e4 Nb6 13. Nc3 Rc8 14. Bf4 Qe8 15. Qe2 Na5 16. Ne5 Ba4 17. Nxa4 Qxa4 18.
Rac1 Qb3 19. Bf1 Bf6 20. Rd3 {1-0 Kavalek,L-Gruenfeld,Y/Thessaloniki olm (05) ;
BIG 80 1984 (39)}) 11. Nbd2 (11. Rd1 Qe7 12. b4 Qc7 13. Bb2 Ne5 14. Qe4 Nxf3+
15. Bxf3 Rd8 16. Be5 Qe7 17. Nc3 Nxc3 18. Bxc3 Qc7 19. Rxd8+ Qxd8 20. e3 Bc7
21. Rd1 Qe7 22. Bd4 Bd6 23. Bc5 Bxc5 24. bxc5 g6 25. Rd6 Rb8 26. Qd4 e5 27.
Rd8+ Kg7 28. Qd6 {1-0 Marin,M-Rea Villalba,R/Sevilla op (01) ;TD 94\02 1994})
11... Bd7 12. Nc4 Rc8 13. Ng5 Nf6 14. Qd3 (14. Nd6 $2 Nd4 15. Qd3 Rc2 16. e3
Bb5 $17) 14... Nd4 15. Be3 $6 (15. Bxb7 Rc7 16. Ba6 $13) (15. Nxb6 $2 Bb5 16.
Qd2 Nxe2+ 17. Kh1 Qxb6 $17) 15... Bb5 16. Rac1 h6 17. Bxd4 (17. Nf3 Nxf3+ 18.
Bxf3 Bxc4 19. Rxc4 Rxc4 20. Qxc4 Bxe3 21. fxe3 $17) (17. Ne4 $142 Nxe4 18. Bxe4
{und die Fesselung auf /^f1-a6 läßt sich nicht sofort ausnutzen.}) 17... Qxd4
$15 {^^} 18. Nf3 (18. Qxd4 Bxd4 19. Nf3 Bxf2+ 20. Kxf2 Bxc4 $17) 18... Qxd3 19.
exd3 Bc7 $6 (19... Bc6 20. Nxb6 axb6 21. Ne5 Bxg2 22. Kxg2 $15) 20. Nd4 Ba6 21.
a4 $1 (21. b4 Rcd8 $1 22. b5 (22. Nb3 b6 $17) 22... Rxd4 23. bxa6 bxa6 $17)
21... Rfd8 22. Nb5 Bb8 23. Na5 Nd5 24. Nb3 $2 (24. Bxd5 exd5 (24... Rxc1 $2 25.
Rxc1 Rxd5 $4 26. Rc8+) 25. d4 Kf8 $10 {Weiß verbessert seine Bauerstruktur,
und das Läuferpaar verliert seine Stärke.}) 24... b6 $17 {><d3 und ^^} 25. Rxc8
Bxc8 26. Rc1 Bb7 27. Nc3 Nxc3 28. Rxc3 Bxg2 29. Kxg2 Be5 30. d4 Bxd4 31. Nxd4 (
31. Rc7 $2 Bxb2 32. Rxa7 Rd3 $19) 31... Rxd4 32. Rc8+ Kh7 33. Rc7 $2 (33. a5 $1
bxa5 34. Rc7 Kg6 35. Rxa7 a4 36. Rb7 Kf6 37. h4 $15) 33... Rxa4 34. Rxf7 a5 35.
Rc7 (35. Rf3 Rb4 36. b3 $17) 35... Ra2 $1 $19 36. Rc2 b5 $1 (36... a4 $2 37.
Rc4 $1) 37. Kf3 a4 38. Re2 b4 39. Ke3 a3 0-1

[Event "Sanjin Hotel Cup 2nd"]
[Site "Tiayuan"]
[Date "2005.07.10"]
[Round "2"]
[White "Harikrishna, Pentala"]
[Black "Zhao, Xue"]
[Result "1-0"]
[WhiteElo "2645"]
[BlackElo "2470"]
[Annotator "Mueller,Karsten"]
[PlyCount "125"]
[EventDate "2005.07.09"]
[EventType "tourn"]
[EventRounds "11"]
[EventCountry "CHN"]
[EventCategory "15"]
[SourceTitle "CBM 108"]
[Source "ChessBase"]
[SourceDate "2005.09.26"]
[SourceVersion "1"]
[SourceVersionDate "2005.09.26"]
[SourceQuality "1"]

1. c4 Nf6 2. Nf3 e6 3. g3 d5 4. Bg2 Be7 5. d4 O-O 6. Qc2 c5 7. O-O cxd4 8. Nxd4
Nc6 9. Nxc6 bxc6 10. b3 a5 11. Nc3 e5 12. Bg5 Be6 13. Rfd1 Rc8 14. Na4 h6 15.
Bxf6 Bxf6 16. Rac1 Be7 17. e3 Bg4 18. Rf1 Ba3 19. Ra1 Re8 20. Qd3 d4 21. c5 Qf6
22. h3 Bh5 23. e4 Qe7 24. f4 f6 25. Rf2 Bf7 26. fxe5 fxe5 27. Raf1 Be6 28. Rc2
Rcd8 29. Kh2 Kh7 30. Qa6 Qc7 31. Qb6 Re7 32. Qxc7 Rxc7 33. Rf3 Rf7 34. Rxf7
Bxf7 35. Bf1 d3 36. Rd2 Bg6 37. Rxd3 Rf8 38. Kg1 Bxe4 39. Re3 Bb1 40. Re1 Bg6
41. Bg2 $6 (41. Rxe5 {war objektiv wohl besser, auch wenn die schwarzen Läufer
sicher nicht leicht zu bezwingen sind.}) 41... Re8 42. Bxc6 Rc8 43. Bd5 Bxc5+
44. Nxc5 Rxc5 45. Bc4 (45. Rxe5 $2 Kh8 $17) 45... h5 $6 {Dieser Zug ist die
Quelle der folgenden Probleme, weil der Bauer auf einem weißen Feld festgelegt
wird.} 46. Rd1 Bf5 47. h4 a4 $2 (47... g5 48. Rd6 gxh4 49. gxh4 Kg7 {bot
wesentlich bessere Überlebenschancen.}) 48. Rd5 Rxd5 49. Bxd5 axb3 50. Bxb3 g5
(50... Bd7 51. Bc2+ Kh6 52. a4 Bxa4 53. Bxa4 g5 54. hxg5+ Kxg5 55. Bd1 h4 56.
g4 $18) 51. a4 gxh4 52. gxh4 Bd7 53. a5 Bb5 (53... Kg6 54. a6 Bb5 55. Bc2+ Kf6
56. a7 Bc6 57. Kf2 e4 58. Ke3 Kf5 59. Bd1 Kg6 60. Kf4 Ba8 61. Bc2 $18) 54. Bf7
Kh6 55. Kf2 Ba6 56. Ke3 Bb7 57. Be8 $22 e4 58. Kf4 $22 Kg7 59. Bxh5 Kf6 60. Bg4
Kg6 61. Bf5+ Kh5 62. Bxe4 Bc8 63. Kg3 1-0